000 00732nam a2200217 a 4500
001 000219337
003 AM-YeHGA
005 20250618071518.0
008 030421s1895 gs ||||| |||| 00| 0 rus d
040 _aAM-YeHGA
041 1 _aarm
100 0 _aՄօնգօմերի
245 1 0 _aԵրկու եղբայր :
_bՎէպիկ /
_cՄոնգոմերի; Թարգմ.՝ Պ.Պ.
260 _aԹիֆլիս :
_bտպ. Մ. Շարաձէ եւ ընկ.,
_c1895.
300 _a236 էջ ;
_c18 սմ.
650 1 4 _aԱնգլիական գրականություն
_xՎիպակ
700 0 _aՊ.Պ.
_eթարգմ.
_4trl
_95070
710 2 _aԹիֆլիսի հայոց հրատարակչական ընկերություն
942 _2udc
_cBK
090 _c78121
999 _c76881
_d76881